How far from Izmir are you? - Statistics

General Stats
  • This quiz has been taken 19 times
  • The average score is 13 of 15
Answer Stats
Hint Answer % Correct
Which dessert is famous in Izmir? Bomba
100%
Which Architect designed the Konak Pier and Basmane Station Gustave Eiffel
100%
What the square name of Alsancak? Gündoğdu
100%
In which district is the Izmir Metropolitan Municipality building? Konak
100%
When was Izmir liberated from the Greeks? 1922
90%
İzmir's Airport name? Adnan Menderes
90%
Name of the university in Bornova Ege
90%
What is the name of Izmir Coast? Kordon
90%
İzmir's Neighboor (only 1) Manisa
90%
İzmir's most population district? Buca
80%
İzmir's popular vacation area Çeşme
80%
İzmir's Airport which district Gaziemir
80%
İzmir's first tram which district? Karşıyaka
80%
When did izmir become a metropolitan city? 1984
70%
İzmir Türkiye'nin hangi bölgesi? Aegean
30%
No matching quizzes found
Score Distribution
Percent of People with Each Score
Percentile by Number Answered
Your Score History
You have not taken this quiz